书目信息 |
| 题名: |
绅士秘笈
|
|
| 作者: | 胡兵 著 | |
| 分册: | ||
| 出版信息: | 南京 江苏美术出版社 2007.05 |
|
| 页数: | 1册 | |
| 开本: | 23cm | |
| 丛书名: | ||
| 单 册: | ||
| 中图分类: | G883 | |
| 科图分类: | ||
| 主题词: | 健身运动--jian shen yun dong--基本知识 | |
| 电子资源: | ||
| ISBN: | 978-7-5344-2118-1 | |
| 000 | 00869nam0 2200253 450 | |
| 001 | 012008023800 | |
| 005 | 20080413172447.57 | |
| 010 | @a978-7-5344-2118-1@dCNY48.00 | |
| 100 | @a20080413d2007 em y0chiy0120 ea | |
| 101 | 0 | @achi |
| 102 | @aCN@b320000 | |
| 105 | @aa z 000yy | |
| 106 | @ar | |
| 200 | 1 | @a绅士秘笈@Ashen shi mi ji@e胡兵 揭密男士魅力法则@e胡兵 塑身新概念 |
| 210 | @a南京@c江苏美术出版社@d2007.05 | |
| 215 | @a1册@c图@d23cm | |
| 330 | @a本书是作者多年来健身的心得,护肤的切身体验,还一些是作者在演艺圈,朋友圈和大家交流时积累的经验。 | |
| 517 | 1 | @a胡兵 揭密男士魅力法则@Ahu bing jie mi nan shi mei li fa ze |
| 517 | 1 | @a胡兵 塑身新概念@Ahu bing su shen xin gai nian |
| 606 | 0 | @a健身运动@Ajian shen yun dong@x基本知识 |
| 690 | @aG883@v4 | |
| 701 | 0 | @a胡兵@Ahu bing@4著 |
| 801 | 0 | @aCN@bQSSK@c20080413 |
| 905 | @b291016-18@dG883@eH452@f3 | |
| 绅士秘笈:胡兵 揭密男士魅力法则:胡兵 塑身新概念.-南京:江苏美术出版社,2007.05 |
| 1册:图;23cm |
| ISBN 978-7-5344-2118-1:CNY48.00 |
| 本书是作者多年来健身的心得,护肤的切身体验,还一些是作者在演艺圈,朋友圈和大家交流时积累的经验。 |
| ● |
| 相关链接 |
|
|
|
正题名:绅士秘笈
索取号:G883/H452
 
预约/预借
| 序号 | 登录号 | 条形码 | 馆藏地/架位号 | 状态 | 备注 |
| 1 | 291016 | 202910163 | 社科库409/409社科库 27排1列3层/ [索取号:G883/H452] | 在馆 | |
| 2 | 291017 | 202910172 | 社科库409/409社科库 27排1列3层/ [索取号:G883/H452] | 在馆 | |
| 3 | 291018 | 202910181 | 社科库409/409社科库 27排1列3层/ [索取号:G883/H452] | 在馆 |